Catálogo del Archivo General : Sección Comptos : Papeles sueltos. segunda serie : Tomo I : años 1237-1399 / por Javier Baleztena Sección Comptos :
Publicado:
Pamplona :
Comunidad Foral de Navarra, Servicio de Cultura, Institución Príncipe de Viana ,
1985
Descripción Física:
510 p. ; 24 cm
Colección:
Fuentes para la historia de Navarra ; 56
MARC
| LEADER | 00000nam a2200000Ia 4500 | ||
|---|---|---|---|
| 001 | 10161 | ||
| 003 | BGR | ||
| 005 | 20260324175213.0 | ||
| 008 | 160829s1985 xx 000 0 cat d | ||
| 080 | |a A-1-206 | ||
| 100 | |a Baleztena, Javier |9 36456 | ||
| 245 | |a Catálogo del Archivo General : |b Sección Comptos : |b Papeles sueltos. segunda serie : |b Tomo I : |b años 1237-1399 / por Javier Baleztena | ||
| 260 | |a Pamplona : |b Comunidad Foral de Navarra, Servicio de Cultura, Institución Príncipe de Viana, |c 1985 | ||
| 300 | |a 510 p. ; |c 24 cm | ||
| 490 | |a Fuentes para la historia de Navarra ; 56 | ||
| 650 | |a Archivo General de Navarra. Sección de Comptos |x Catàlegs |9 34334 | ||
| 710 | 1 | |a Navarra |b Gobierno |b Servicio de Cultura |9 61302 | |
| 710 | 1 | |a Institución Príncipe de Viana |9 71073 | |
| 901 | |a Arxiu | ||
| 942 | |n 1 |2 udc |c MON | ||
| 952 | |0 0 |1 0 |4 0 |6 A1206 |7 1 |9 41442 |a Arxiu |b Arxiu |d 2016-12-01 |l 0 |o A-1-206 |p 10161 |r 2016-12-01 00:00:00 |w 2016-12-01 |y ARXIU | ||
| 999 | |c 43249 |d 43249 | ||